000 00851nam a22002177a 4500
003 UA-OsUOA
001 42494
007 ta
008 20061108b un ||||| |||| 00| 0 ukr d
100 _aТитова С.В.
090 _a81
_bТ-11
942 _cSA
040 _aUA-OsUOA
_brus
_cUA-OsUOA
_dUA-OsUOA
245 _aПроблема адекватной вуализации информации в преподавании иностранных языков
300 _aС.14-24
955 _a0
041 _arus
080 _a81
773 0 _w42493
_tВестник Московского университета. Серия 19. Лингвистика и межкультурная коммуникация
_dМ.
_d2006
_g3
650 7 _a8 Мовознавство. Художня література. Літературознавство
_2UDC
999 _c328631
_d328631